Central Library OPAC University of Rajshahi

Essays on government / (Record no. 7440)

MARC details
000 -LEADER
fixed length control field 00695nam a2200253 a 4500
001 - CONTROL NUMBER
control field 7440
003 - CONTROL NUMBER IDENTIFIER
rucl marc code BD-RjUL
005 - DATE AND TIME OF LATEST TRANSACTION
control field 20211208234420.0
008 - FIXED-LENGTH DATA ELEMENTS--GENERAL INFORMATION
fixed length control field 300716m19561945enk 001 0 eng
035 ## - SYSTEM CONTROL NUMBER
System control number (BD-RjUL)7483
System control number (OCoLC)494001
040 ## - CATALOGING SOURCE
Original cataloging agency DLC
Transcribing agency ODaWU
Modifying agency OCoLC
-- Uk
-- DLC
-- BD-RjUL
Language of cataloging eng
041 ## - LANGUAGE CODE
Language code of text/sound track or separate title eng
082 00 - DEWEY DECIMAL CLASSIFICATION NUMBER
Classification number 342.04
Author mark and year BAE 1965
Edition number 23
100 1# - MAIN ENTRY--PERSONAL NAME
Personal name Barker, Ernest
Dates associated with a name 1874-1960.
9 (RLIN) 5429
245 10 - TITLE STATEMENT
Title Essays on government /
Statement of responsibility, etc. Ernest Barker
250 ## - EDITION STATEMENT
Edition statement 2d ed.
260 ## - PUBLICATION, DISTRIBUTION, ETC. (IMPRINT)
Place of publication, distribution, etc. Oxford :
Name of publisher, distributor, etc. Clarendon Press,
Date of publication, distribution, etc. 1951,[1956]
300 ## - PHYSICAL DESCRIPTION
Pagination vii, 304 p. ;
Size 23 cm.
504 ## - BIBLIOGRAPHY, ETC. NOTE
Bibliography, etc Includes index.
650 #0 - SUBJECT ADDED ENTRY--TOPICAL TERM
Topical term or geographic name as entry element Constitutional law.
9 (RLIN) 23254
942 ## - ADDED ENTRY ELEMENTS (KOHA)
Source of classification or shelving scheme Dewey Decimal Classification
Koha item type Books
Holdings
Lost status Source of classification or shelving scheme Damaged status Not for loan Collection code Permanent Location Current Location Shelving location Date acquired Source of acquisition Cost, normal purchase price Total Checkouts Full call number Date last seen Copy number Koha item type
  Dewey Decimal Classification     Non-fiction Central Library, University of Rajshahi Central Library, University of Rajshahi   01/03/1967 Bitter brothers 8.10   342.04 BAE 1965 15/01/2014 C-6 Books
  Dewey Decimal Classification     Non-fiction Central Library, University of Rajshahi Central Library, University of Rajshahi   27/04/1974 Oxford University Press 16.80   342.04 BAE 1965 19/01/2014 C-8 Books
  Dewey Decimal Classification     Non-fiction Central Library, University of Rajshahi Central Library, University of Rajshahi   27/04/1974 Oxford University Press 16.00   342.04 BAE 1965 27/07/2016 C-2 Books
  Dewey Decimal Classification     Non-fiction Central Library, University of Rajshahi Central Library, University of Rajshahi   21/06/1955 O.U.P 14.10   342.04 BAE 1946 28/07/2016 C-3 Books
  Dewey Decimal Classification     Non-fiction Central Library, University of Rajshahi Central Library, University of Rajshahi   03/12/1965 Zeitlinger 30.00   342.04 BAE 1965 30/07/2016 C-4 Books
  Dewey Decimal Classification     Non-fiction Central Library, University of Rajshahi Central Library, University of Rajshahi   24/03/1955 O.U.P 14.10   342.04 BAE 1946 30/07/2016 C-5 Books
  Dewey Decimal Classification     Non-fiction Central Library, University of Rajshahi Central Library, University of Rajshahi   03/12/1965 Zeitlinger 30.00   342.04 BAE 1965 30/07/2016 C-7 Books